War and love (1915-1918) /

Bibliographic Details
Main Author: Aldington, Richard, 1892-1962
Format: Book
Language:English
Published: Boston : The Four seas company, 1919.

MARC

Tag First Indicator Second Indicator Subfields
LEADER 00000cam a2200000 4500
001 in00000035998
005 20151007063603.0
008 750206s1919 mau 00010 eng
010 |a  19008758  
035 |a (OCoLC)01162192 
035 |9 AAD7751AM 
040 |a DLC  |c BOS  |d TXA  |d UtOrBLW 
049 |a TXAM  |c [369860] 
050 0 |a PR6001.L4  |b W3 1919 
092 |a 821  |b A363w 
100 1 |a Aldington, Richard,  |d 1892-1962. 
245 1 0 |a War and love (1915-1918) /  |c by Richard Aldington. 
264 1 |a Boston :  |b The Four seas company,  |c 1919. 
300 |a 94 pages ;  |c 20 cm. 
336 |a text  |b txt  |2 rdacontent 
337 |a unmediated  |b n  |2 rdamedia 
338 |a volume  |b nc  |2 rdacarrier 
500 |a Poems reprinted in part from various periodicals. 
999 |a MARS 
999 f f |s 28a1101f-d40e-31cc-ad80-bc0b21465b6e  |i e1148122-aa7b-335c-9164-2629db0f498d  |t 0 
952 f f |p ric  |a Texas A&M University  |b Rellis Campus  |c Joint Library Facility  |d Remote Storage  |t 0  |e PR6001.L4 W3 1919  |h Library of Congress classification  |i unmediated -- volume  |m A14801274390 
998 f f |a PR6001.L4 W3 1919  |t 0  |l Remote Storage